DISEÑAR CON PAPEL : (Registro nro. 46879)
[ vista simple ]
| 000 -LEADER | |
|---|---|
| fixed length control field | 01083nam a2200205 a 4500 |
| 001 - CONTROL NUMBER | |
| control field | 46879 |
| 005 - DATE AND TIME OF LATEST TRANSACTION | |
| control field | 20180714030623.0 |
| 008 - FIXED-LENGTH DATA ELEMENTS--GENERAL INFORMATION | |
| fixed length control field | 140415s2004 cc 000 0 fre d |
| 020 ## - INTERNATIONAL STANDARD BOOK NUMBER | |
| International Standard Book Number | 8425219523 |
| 041 ## - LANGUAGE CODE | |
| Language code of text/sound track or separate title | fre |
| 082 ## - DEWEY DECIMAL CLASSIFICATION NUMBER | |
| Classification number | 676.282 |
| Item number | AVE |
| 100 1# - MAIN ENTRY--PERSONAL NAME | |
| Personal name | AVELLA, NATALIE |
| 245 10 - TITLE STATEMENT | |
| Title | DISEÑAR CON PAPEL : |
| Remainder of title | TÉCNICAS Y POSIBILIDADES DEL PAPEL EN EL DISEÑO GRÁFICO |
| 250 ## - EDITION STATEMENT | |
| Edition statement | 1a ed. |
| 260 ## - PUBLICATION, DISTRIBUTION, ETC. | |
| Place of publication, distribution, etc. | CHINA : |
| Name of publisher, distributor, etc. | GUSTAVO GILI, |
| Date of publication, distribution, etc. | 2004 |
| 300 ## - PHYSICAL DESCRIPTION | |
| Extent | 215 |
| Dimensions | 23.5 x 2 x 26.6 |
| 520 ## - SUMMARY, ETC. | |
| Summary, etc. | ESTE LIBRO MUESTRA COMO EL PAPEL PUEDE SER MUCHO MÁS QUE UNA SUPERFICIE PLANA SOBRE LA QUE DISPONER EL TEXTO Y LA IMAGEN. MEDIANTE LA PRESENTACIÓN DE TRABAJOS DE ALGUNOS DE LOS DISEÑADORES GRÁFICOS MÁS INNOVADORES DEL MUNDO. DISEÑAR CON PAPEL EXPLORA LAS NUMEROSAS POSIBILIDADES DEL PAPEL, DESDE EL TROQUEL MÁS SENCILLO HASTA EL PLEGADO MÁS COMPLICADO, MOSTRANDO LOS ASPECTOS MÁS INTERACTIVOS Y SORPRENDENTES DEL PAPEL Y LA MÁXIMA CREATIVIDAD DE LOS DISEÑADORES. DIVIDIO EN DOS GRANDES APAR |
| 650 14 - SUBJECT ADDED ENTRY--TOPICAL TERM | |
| Topical term or geographic name entry element | PAPEL |
| General subdivision | PAPEL |
| -- | ARTES GRAFICAS |
| 740 ## - ADDED ENTRY--UNCONTROLLED RELATED/ANALYTICAL TITLE | |
| Uncontrolled related/analytical title | PAPER ENGINEERING |
| Withdrawn status | Lost status | Source of classification or shelving scheme | Damaged status | Not for loan | Collection code | Home library | Current library | Shelving location | Date acquired | Source of acquisition | Inventory number | Total Checkouts | Total Renewals | Full call number | Barcode | Date last seen | Date last checked out | Price effective from | Koha item type |
|---|---|---|---|---|---|---|---|---|---|---|---|---|---|---|---|---|---|---|---|
| Dewey Decimal Classification | General | Biblioteca Karol Wojtyla | Biblioteca Karol Wojtyla | Sala general | 03/12/2013 | Compra | 151000000000000000029286 | 1 | 1 | 676.282 AVE | 70262 | 05/01/2026 | 15/11/2022 | 03/12/2013 | Libro |